[Event "2. Magistral Ciudad de Asunción 2009 B"]
[Site "Asunción PAR"]
[Date "2009.06.28"]
[Round "1.1"]
[White "Kropff, Ricardo"]
[Black "Valiente, Cristobal"]
[Result "1/2-1/2"]
[WhiteElo "2208"]
[BlackElo "2234"]
[PlyCount "60"]
[EventDate "2009.06.28"]
[EventType "tourn"]
[EventRounds "9"]
[EventCountry "PAR"]
[EventCategory "2"]
[Source "lmi"]
[SourceDate "2009.06.28"]

1. c4 e5 2. Nc3 Nf6 3. Nf3 Nc6 4. d3 g6 5. Bg5 Bg7 6. g3 h6 7. Bxf6 Bxf6 8. Bg2
d6 9. O-O O-O 10. Rb1 Bg7 11. b4 Be6 12. Nd5 Ne7 13. Nd2 c6 14. Nxe7+ Qxe7 15.
b5 c5 16. Ne4 Rae8 17. Nc3 b6 18. Nd5 Qd8 19. a4 f5 20. Qd2 Kh7 21. Rb3 h5 22.
a5 h4 23. axb6 axb6 24. Ra3 hxg3 25. hxg3 f4 26. Ra7 Rf7 27. Rxf7 Bxf7 28. Ra1
e4 29. Ra7 Bxd5 30. cxd5 e3 1/2-1/2

[Event "2. Magistral Ciudad de Asunción 2009 B"]
[Site "Asunción PAR"]
[Date "2009.06.28"]
[Round "1.2"]
[White "Oddone, Cristhian"]
[Black "Gattass, Allan"]
[Result "1-0"]
[WhiteElo "2231"]
[BlackElo "2221"]
[PlyCount "57"]
[EventDate "2009.06.28"]
[EventType "tourn"]
[EventRounds "9"]
[EventCountry "PAR"]
[EventCategory "2"]
[Source "lmi"]
[SourceDate "2009.06.28"]

1. Nf3 f5 2. d3 Nf6 3. e4 e5 4. Nxe5 Bc5 5. d4 Qe7 6. Bc4 Bb6 7. O-O fxe4 8.
Nc3 d6 9. Nf7 Rf8 10. Ng5 Bf5 11. Nd5 Qd7 12. Re1 Kd8 13. f3 Qc6 14. Nxb6 axb6
15. Be6 Bg6 16. fxe4 h6 17. Bd5 Qd7 18. Ne6+ Ke8 19. Nxf8 Kxf8 20. Bxb7 Ra5 21.
Qf3 Bf7 22. Bxh6 Kg8 23. Rf1 c6 24. Bxg7 Nh5 25. Bc8 Qe7 26. Bf6 Qe8 27. Qg4+
Kf8 28. e5 dxe5 29. Bxe5 1-0

[Event "2. Magistral Ciudad de Asunción 2009 B"]
[Site "Asunción PAR"]
[Date "2009.06.28"]
[Round "1.3"]
[White "Espinoza Palomino, Willyan"]
[Black "Malbran, Guillermo"]
[Result "1/2-1/2"]
[WhiteElo "2281"]
[BlackElo "2238"]
[PlyCount "209"]
[EventDate "2009.06.28"]
[EventType "tourn"]
[EventRounds "9"]
[EventCountry "PAR"]
[EventCategory "2"]
[Source "lmi"]
[SourceDate "2009.06.28"]

1. e4 Nf6 2. e5 Nd5 3. d4 d6 4. Nf3 Bg4 5. Be2 c6 6. c4 Nb6 7. Nbd2 N8d7 8. h3
Bxf3 9. Nxf3 dxe5 10. dxe5 e6 11. O-O Qc7 12. Qd4 h6 13. Rd1 a5 14. Bd2 Bb4 15.
Qf4 g5 16. Qe4 Bxd2 17. Rxd2 O-O-O 18. Rad1 Nc5 19. Qe3 Rxd2 20. Rxd2 Nbd7 21.
b3 b6 22. Rd4 Rd8 23. h4 Rg8 24. hxg5 hxg5 25. Rg4 f5 26. exf6 Nxf6 27. Rxg5
Rh8 28. Bd3 Nxd3 29. Qxd3 Qf4 30. Qe3 Qxe3 31. fxe3 Ne4 32. Re5 Nc5 33. Nd4 Kd7
34. Rg5 Rh7 35. Rg6 Re7 36. g4 a4 37. Kg2 axb3 38. axb3 b5 39. cxb5 cxb5 40.
Nxb5 Nxb3 41. Kf3 Kc6 42. Nd4+ Nxd4+ 43. exd4 Kd5 44. Ke3 Rf7 45. Rg5+ Kd6 46.
Ra5 Rf1 47. Ke4 Ke7 48. g5 Re1+ 49. Kf4 Rd1 50. Ke4 Re1+ 51. Kf4 Rf1+ 52. Kg4
Rd1 53. Ra7+ Kf8 54. Ra4 Kf7 55. Kh5 Rh1+ 56. Kg4 Rd1 57. Kf4 Rf1+ 58. Ke4 Rf5
59. Ra7+ Kf8 60. Ra8+ Kf7 61. Ra7+ Kf8 62. Ra6 Ke7 63. Ra7+ Kf8 64. g6 Rg5 65.
Rf7+ Ke8 66. Rf6 Ke7 67. Rf7+ Ke8 68. Rg7 Kf8 69. Rd7 Ke8 70. Rh7 Rxg6 71. Ke5
Kd8 72. Rf7 Ke8 73. Rh7 Kd8 74. Kd6 e5+ 75. Kxe5 Ra6 76. d5 Ke8 77. Kd4 Kd8 78.
Kc5 Ra5+ 79. Kc6 Ra6+ 80. Kb5 Rg6 81. Ra7 Rh6 82. Kc5 Rg6 83. Rb7 Kc8 84. Re7
Kd8 85. Rh7 Kc8 86. Rf7 Kd8 87. Kd4 Rh6 88. Ke5 Rh5+ 89. Kd6 Rh6+ 90. Kc5 Rg6
91. Rh7 Rf6 92. Rh8+ Kd7 93. Rh7+ Kd8 94. Rh1 Kd7 95. Ra1 Rh6 96. Ra7+ Kd8 97.
Rb7 Kc8 98. Rb6 Rxb6 99. Kxb6 Kd7 100. Kc5 Kc7 101. d6+ Kd7 102. Kd5 Kd8 103.
Ke6 Ke8 104. d7+ Kd8 105. Kd6 1/2-1/2

[Event "2. Magistral Ciudad de Asunción 2009 B"]
[Site "Asunción PAR"]
[Date "2009.06.28"]
[Round "1.4"]
[White "Peralta, Eduardo"]
[Black "Sosa Harrison, Jorge"]
[Result "0-1"]
[WhiteElo "2274"]
[BlackElo "2254"]
[PlyCount "110"]
[EventDate "2009.06.28"]
[EventType "tourn"]
[EventRounds "9"]
[EventCountry "PAR"]
[EventCategory "2"]
[Source "lmi"]
[SourceDate "2009.06.28"]

1. d4 d5 2. Nf3 Nf6 3. g3 c6 4. Bg2 Bf5 5. O-O h6 6. c4 e6 7. Nc3 Nbd7 8. Qb3
Qb6 9. c5 Qxb3 10. axb3 a6 11. b4 Rc8 12. Nd2 Be7 13. Nb3 g5 14. f3 Bg6 15. e4
dxe4 16. fxe4 O-O 17. e5 Nd5 18. Nxd5 exd5 19. Bh3 Rc7 20. Bd2 Bc2 21. Na5 f5
22. e6 Nb8 23. Rae1 Kg7 24. Rf2 Be4 25. Bc3 Rf6 26. Nb3 g4 27. Bg2 Rxe6 28. Nd2
Bf6 29. h3 h5 30. hxg4 hxg4 31. Nxe4 fxe4 32. Rf4 Bg5 33. Rxg4 Rg6 34. Bh3 Nd7
35. b5 Nf6 36. b6 Re7 37. Kg2 Nxg4 38. Bxg4 Bf4 39. Kh3 Bb8 40. Re3 Kf6 41. Bh5
Rh6 42. g4 Kg5 43. Be1 Reh7 44. Bh4+ Kf4 45. Re1 Rxh5 46. gxh5 Rxh5 47. Rf1+
Ke3 48. Rf8 Bh2 49. Kxh2 Rxh4+ 50. Kg3 Rh7 51. Rc8 Rg7+ 52. Kh4 Kxd4 53. Rc7
Rg8 54. b4 e3 55. Rxb7 Re8 0-1

[Event "2. Magistral Ciudad de Asunción 2009 B"]
[Site "Asunción PAR"]
[Date "2009.06.28"]
[Round "1.5"]
[White "Hernandez, Angel C."]
[Black "Siero-Gonzalez, Luis"]
[Result "1/2-1/2"]
[WhiteElo "2228"]
[BlackElo "2361"]
[PlyCount "91"]
[EventDate "2009.06.28"]
[EventType "tourn"]
[EventRounds "9"]
[EventCountry "PAR"]
[EventCategory "2"]
[Source "lmi"]
[SourceDate "2009.06.28"]

1. d4 d5 2. c4 e6 3. cxd5 exd5 4. Nc3 c6 5. Bf4 Bd6 6. Bg3 Nf6 7. e3 Bf5 8. Bd3
Bxd3 9. Qxd3 O-O 10. Nge2 Re8 11. Bxd6 Qxd6 12. Ng3 Nbd7 13. O-O g6 14. b4 Re7
15. b5 c5 16. dxc5 Qxc5 17. Rfd1 Nb6 18. a4 Rd7 19. a5 Nc4 20. Qd4 Qxd4 21.
Rxd4 Rc8 22. Nge2 Rc5 23. h3 Kg7 24. g4 h6 25. a6 b6 26. Kg2 Nd6 27. Rb1 h5 28.
gxh5 Nf5 29. Rdb4 Nxh5 30. Rd1 Nf6 31. Rd3 Rdc7 32. Nd1 Rc4 33. Rxc4 dxc4 34.
Rd8 Rd7 35. Rxd7 Nxd7 36. e4 Nd6 37. Ndc3 f5 38. f3 fxe4 39. fxe4 Kf6 40. Nd4
Nxe4 41. Nxe4+ Ke5 42. Nc6+ Kxe4 43. Nxa7 c3 44. Nc8 c2 45. a7 c1=Q 46. a8=Q+
1/2-1/2

[Event "2. Magistral Ciudad de Asunción 2009 B"]
[Site "Asunción PAR"]
[Date "2009.06.29"]
[Round "2.2"]
[White "Sosa Harrison, Jorge"]
[Black "Hernandez, Angel C."]
[Result "1-0"]
[WhiteElo "2254"]
[BlackElo "2228"]
[PlyCount "109"]
[EventDate "2009.06.28"]
[EventType "tourn"]
[EventRounds "9"]
[EventCountry "PAR"]
[EventCategory "2"]
[Source "lmi"]
[SourceDate "2009.06.28"]

1. c4 e5 2. g3 Nf6 3. Bg2 c6 4. d4 exd4 5. Qxd4 d5 6. cxd5 cxd5 7. Nf3 Nc6 8.
Qd1 Be7 9. O-O O-O 10. Nbd2 Bf5 11. Nb3 Be4 12. Be3 Re8 13. Rc1 Ng4 14. Bc5 Nf6
15. Qd2 Bxc5 16. Nxc5 Qb6 17. b3 Re7 18. Rfd1 Rae8 19. Na4 Qd8 20. e3 Qd7 21.
Nc5 Qg4 22. h3 Qh5 23. g4 Qh6 24. Nxe4 dxe4 25. Nd4 Nxd4 26. Qxd4 b6 27. Qd6
Qg5 28. Rc7 Rxc7 29. Qxc7 Qa5 30. Bf1 Qe5 31. Qxe5 Rxe5 32. Rd8+ Re8 33. Rd4 h6
34. Ba6 g6 35. Bb7 Re7 36. Bc6 Kg7 37. b4 Re5 38. b5 h5 39. Ra4 hxg4 40. hxg4
Re7 41. g5 Nh7 42. Bxe4 Nxg5 43. Bd5 Rc7 44. f4 Nh7 45. Bc6 Nf8 46. Kf2 Ne6 47.
Kf3 f5 48. Ra3 Kf6 49. Rd3 Rh7 50. Rd6 Re7 51. Bd5 Re8 52. Ke2 Re7 53. Kd3 Re8
54. Kc4 Re7 55. a4 1-0

[Event "2. Magistral Ciudad de Asunción 2009 B"]
[Site "Asunción PAR"]
[Date "2009.06.29"]
[Round "2.4"]
[White "Gattass, Allan"]
[Black "Espinoza Palomino, Willyan"]
[Result "0-1"]
[WhiteElo "2221"]
[BlackElo "2281"]
[PlyCount "44"]
[EventDate "2009.06.28"]
[EventType "tourn"]
[EventRounds "9"]
[EventCountry "PAR"]
[EventCategory "2"]
[Source "lmi"]
[SourceDate "2009.06.28"]

1. e4 e5 2. f4 exf4 3. Nf3 g5 4. Bc4 Bg7 5. h4 h6 6. d4 Nc6 7. c3 d6 8. Na3 Qe7
9. O-O Bg4 10. Qa4 Bd7 11. Qc2 O-O-O 12. b4 g4 13. b5 gxf3 14. bxc6 Bxc6 15.
gxf3 Nf6 16. Rb1 Rhg8 17. d5 Bh8+ 18. Kf2 Nxe4+ 19. Qxe4 Qxh4+ 20. Ke2 Rde8 21.
dxc6 Rxe4+ 22. fxe4 Rg2+ 0-1

[Event "2. Magistral Ciudad de Asunción 2009 B"]
[Site "Asunción PAR"]
[Date "2009.06.29"]
[Round "2.5"]
[White "Kropff, Ricardo"]
[Black "Oddone, Cristhian"]
[Result "1/2-1/2"]
[WhiteElo "2298"]
[BlackElo "2231"]
[PlyCount "45"]
[EventDate "2009.06.28"]
[EventType "tourn"]
[EventRounds "9"]
[EventCountry "PAR"]
[EventCategory "2"]
[Source "lmi"]
[SourceDate "2009.06.28"]

1. c4 c5 2. g3 Nc6 3. Bg2 g6 4. Nc3 Bg7 5. Nf3 e5 6. O-O Nge7 7. Ne1 d6 8. Nc2
Be6 9. Ne3 Qd7 10. Ned5 h5 11. h4 g5 12. Qa4 Rc8 13. hxg5 h4 14. d3 Kf8 15.
Nxe7 Kxe7 16. Nd5+ Kf8 17. Re1 Bh3 18. Bf3 Bg4 19. Be4 Bf5 20. Bg2 Bh3 21. Bf3
Bg4 22. Bg2 Bh3 23. Bf3 1/2-1/2

[Event "2. Magistral Ciudad de Asunción 2009 B"]
[Site "Asunción PAR"]
[Date "2009.06.30"]
[Round "3.1"]
[White "Oddone, Cristhian"]
[Black "Valiente, Cristobal"]
[Result "1/2-1/2"]
[WhiteElo "2231"]
[BlackElo "2234"]
[PlyCount "23"]
[EventDate "2009.06.28"]
[EventType "tourn"]
[EventRounds "9"]
[EventCountry "PAR"]
[EventCategory "2"]
[Source "lmi"]
[SourceDate "2009.06.28"]

1. Nf3 Nf6 2. g3 g6 3. Bg2 Bg7 4. O-O O-O 5. d3 d5 6. Nbd2 c5 7. e4 Nc6 8. Re1
e5 9. c3 h6 10. a4 Be6 11. exd5 Nxd5 12. Nc4 1/2-1/2

[Event "2. Magistral Ciudad de Asunción 2009 B"]
[Site "Asunción PAR"]
[Date "2009.06.30"]
[Round "3.2"]
[White "Espinoza Palomino, Willyan"]
[Black "Kropff, Ricardo"]
[Result "1/2-1/2"]
[WhiteElo "2281"]
[BlackElo "2298"]
[PlyCount "93"]
[EventDate "2009.06.28"]
[EventType "tourn"]
[EventRounds "9"]
[EventCountry "PAR"]
[EventCategory "2"]
[Source "lmi"]
[SourceDate "2009.06.28"]

1. e4 Nf6 2. e5 Nd5 3. d4 d6 4. Nf3 Bg4 5. Be2 e6 6. O-O Be7 7. c4 Nb6 8. h3
Bh5 9. Nc3 O-O 10. Be3 d5 11. c5 Bxf3 12. gxf3 Nc8 13. f4 Nc6 14. f5 exf5 15.
Bf3 f4 16. Bxf4 Bg5 17. Bg3 N8e7 18. Bg4 Ng6 19. f4 Bh4 20. Bh2 f5 21. Bf3 Nge7
22. Qa4 Qd7 23. Kh1 Kh8 24. Rad1 Rad8 25. b4 a6 26. Qb3 Qe6 27. a3 g5 28. Qa2
g4 29. Bg2 Rg8 30. Rd3 Rd7 31. Qd2 Nd8 32. Nd1 Qh6 33. Nc3 Qg6 34. Ne2 Ne6 35.
Rb3 c6 36. Qd3 h5 37. a4 Qf7 38. hxg4 hxg4 39. Bg3 Ng6 40. Kg1 Rg7 41. Qe3 Rh7
42. Kf2 Bxg3+ 43. Qxg3 Qf8 44. Rbb1 Rh4 45. Rh1 Rdh7 46. Ke3 Qd8 47. Rxh4
1/2-1/2

[Event "2. Magistral Ciudad de Asunción 2009 B"]
[Site "Asunción PAR"]
[Date "2009.06.30"]
[Round "3.3"]
[White "Peralta, Eduardo"]
[Black "Gattass, Allan"]
[Result "1/2-1/2"]
[WhiteElo "2274"]
[BlackElo "2221"]
[PlyCount "85"]
[EventDate "2009.06.28"]
[EventType "tourn"]
[EventRounds "9"]
[EventCountry "PAR"]
[EventCategory "2"]
[Source "lmi"]
[SourceDate "2009.06.28"]

1. e4 d6 2. d4 g6 3. Nc3 Bg7 4. g3 Nd7 5. Bg2 e5 6. Nge2 Ne7 7. O-O O-O 8. a4
c6 9. a5 h6 10. dxe5 dxe5 11. b3 f5 12. Ba3 Rf7 13. Qd3 Qe8 14. Rad1 f4 15. f3
Nf8 16. Qd8 Be6 17. Qxe8 Rxe8 18. Na4 g5 19. Bc5 Nc8 20. gxf4 gxf4 21. Kh1 Bf6
22. Rg1 Rg7 23. Bf1 Rg5 24. Bxf8 Kxf8 25. Nc5 b6 26. Nxe6+ Rxe6 27. Bh3 Rxg1+
28. Rxg1 Re8 29. a6 Nd6 30. c4 Rd8 31. Rd1 Ne8 32. Rxd8 Bxd8 33. Bc8 Ke7 34.
Bb7 Kd6 35. b4 Bh4 36. Nc1 Bf2 37. Nd3 Bd4 38. Kg2 Kc7 39. b5 cxb5 40. cxb5 Kd6
41. Bd5 Bc3 42. Kh3 Nf6 43. Bc6 1/2-1/2

[Event "2. Magistral Ciudad de Asunción 2009 B"]
[Site "Asunción PAR"]
[Date "2009.06.30"]
[Round "3.4"]
[White "Hernandez, Angel C."]
[Black "Malbran, Guillermo"]
[Result "1-0"]
[WhiteElo "2228"]
[BlackElo "2238"]
[PlyCount "75"]
[EventDate "2009.06.28"]
[EventType "tourn"]
[EventRounds "9"]
[EventCountry "PAR"]
[EventCategory "2"]
[Source "lmi"]
[SourceDate "2009.06.28"]

1. e4 Nf6 2. e5 Nd5 3. Nc3 Nxc3 4. dxc3 d6 5. Nf3 dxe5 6. Qxd8+ Kxd8 7. Nxe5
Ke8 8. Be3 f6 9. Nd3 e5 10. f4 Nc6 11. fxe5 fxe5 12. Nc5 Bxc5 13. Bxc5 Be6 14.
O-O-O Rd8 15. Bd3 a6 16. a4 Nb8 17. Rde1 Nd7 18. Bd4 Ke7 19. Bxe5 Nxe5 20. Rxe5
Kd6 21. Rhe1 Rde8 22. R5e4 c6 23. a5 Bd7 24. Rxe8 Bxe8 25. Rf1 h5 26. Rf5 g6
27. Rg5 Ke6 28. Kd2 Kf6 29. Rg3 Bf7 30. Ke3 Rd8 31. b4 g5 32. Rf3+ Ke7 33. Rf5
Rd5 34. Rxf7+ Kxf7 35. Bc4 Ke7 36. Bxd5 cxd5 37. Kd4 Kd6 38. c4 1-0

[Event "2. Magistral Ciudad de Asunción 2009 B"]
[Site "Asunción PAR"]
[Date "2009.06.30"]
[Round "3.5"]
[White "Siero-Gonzalez, Luis"]
[Black "Sosa Harrison, Jorge"]
[Result "1-0"]
[WhiteElo "2361"]
[BlackElo "2254"]
[PlyCount "57"]
[EventDate "2009.06.28"]
[EventType "tourn"]
[EventRounds "9"]
[EventCountry "PAR"]
[EventCategory "2"]
[Source "lmi"]
[SourceDate "2009.06.28"]

1. e4 e5 2. Nf3 Nc6 3. Bc4 Bc5 4. b4 Bxb4 5. c3 Bd6 6. d4 h6 7. dxe5 Nxe5 8.
Nxe5 Bxe5 9. Bxf7+ Kxf7 10. Qh5+ g6 11. Qxe5 Nf6 12. O-O Re8 13. Qg3 Rxe4 14.
Bxh6 Rg4 15. Qf3 Qh8 16. Bf4 d6 17. h3 Rh4 18. Nd2 Qh5 19. Qg3 Bg4 20. Bg5 Qxg5
21. Nf3 Qh5 22. Nxh4 Be2 23. Rfe1 Re8 24. Rab1 Re4 25. Rxb7 Nd5 26. Qxd6 Rxh4
27. Rxe2 Qxe2 28. Qxd5+ Kf6 29. Qd8+ 1-0

[Event "2. Magistral Ciudad de Asunción 2009 B"]
[Site "Asunción PAR"]
[Date "2009.07.01"]
[Round "4.1"]
[White "Valiente, Cristobal"]
[Black "Sosa Harrison, Jorge"]
[Result "1/2-1/2"]
[WhiteElo "2234"]
[BlackElo "2254"]
[PlyCount "62"]
[EventDate "2009.06.28"]
[EventType "tourn"]
[EventRounds "9"]
[EventCountry "PAR"]
[EventCategory "2"]
[Source "lmi"]
[SourceDate "2009.06.28"]

1. Nf3 d5 2. c4 c6 3. d4 Bf5 4. e3 Nf6 5. Nc3 e6 6. Nh4 Bg4 7. Qb3 Qb6 8. h3
Bh5 9. g4 Bg6 10. Nxg6 hxg6 11. g5 Qxb3 12. axb3 Ne4 13. Nxe4 dxe4 14. h4 f5
15. Bd2 Be7 16. Bg2 Na6 17. f3 exf3 18. Bxf3 Nc7 19. Ke2 a6 20. e4 Rd8 21. Be3
Kf7 22. Rad1 Bb4 23. h5 Bd6 24. b4 Bxb4 25. Bf4 Na8 26. d5 cxd5 27. cxd5 e5 28.
hxg6+ Kxg6 29. Bxe5 Rde8 30. Rxh8 Rxh8 31. d6 Nb6 1/2-1/2

[Event "2. Magistral Ciudad de Asunción 2009 B"]
[Site "Asunción PAR"]
[Date "2009.07.01"]
[Round "4.2"]
[White "Malbran, Guillermo"]
[Black "Siero-Gonzalez, Luis"]
[Result "0-1"]
[WhiteElo "2238"]
[BlackElo "2361"]
[PlyCount "84"]
[EventDate "2009.06.28"]
[EventType "tourn"]
[EventRounds "9"]
[EventCountry "PAR"]
[EventCategory "2"]
[Source "lmi"]
[SourceDate "2009.06.28"]

1. e4 e6 2. d4 d5 3. Nc3 Bb4 4. exd5 exd5 5. Bd3 Nc6 6. a3 Bxc3+ 7. bxc3 Nge7
8. Qh5 Be6 9. Nf3 Qd7 10. Ng5 O-O-O 11. Nxe6 Qxe6+ 12. Be3 g6 13. Qf3 Nf5 14.
O-O Nxe3 15. Rfe1 f5 16. Rxe3 Qf6 17. Qe2 Rd6 18. Re1 Rf8 19. f4 Nd8 20. a4 Rd7
21. Bb5 c6 22. Bd3 Qd6 23. Qf1 Rff7 24. Ra1 Rfe7 25. Qe2 Rxe3 26. Qxe3 Re7 27.
Qc1 Nf7 28. a5 Qe6 29. g3 Nd6 30. Qd2 Ne4 31. Bxe4 dxe4 32. Qe3 Qc4 33. Kg2 Rd7
34. h4 h5 35. Kf2 Rd5 36. a6 b6 37. Ra3 Ra5 38. Rxa5 bxa5 39. d5 c5 40. d6 Kd7
41. Ke1 a4 42. Kd1 a3 0-1

[Event "2. Magistral Ciudad de Asunción 2009 B"]
[Site "Asunción PAR"]
[Date "2009.07.01"]
[Round "4.3"]
[White "Gattass, Allan"]
[Black "Hernandez, Angel C."]
[Result "1/2-1/2"]
[WhiteElo "2221"]
[BlackElo "2228"]
[PlyCount "109"]
[EventDate "2009.06.28"]
[EventType "tourn"]
[EventRounds "9"]
[EventCountry "PAR"]
[EventCategory "2"]
[Source "lmi"]
[SourceDate "2009.06.28"]

1. e4 e6 2. d4 b6 3. Bd3 c5 4. Nf3 cxd4 5. Nxd4 Nc6 6. Be3 Nf6 7. O-O Bb7 8.
Nd2 Be7 9. Kh1 d5 10. Bb5 Qc7 11. e5 Nd7 12. Qg4 g6 13. Bxc6 Bxc6 14. f4 Bb7
15. Qh3 Ba6 16. Rfe1 Nc5 17. Bf2 h5 18. Rac1 Qd7 19. b3 Bb7 20. Rcd1 b5 21. g4
O-O-O 22. g5 Kb8 23. Kg1 Rc8 24. Qf1 a6 25. a4 b4 26. Re3 Qc7 27. Be1 Ne4 28.
N2f3 Qb6 29. Kg2 Rc7 30. Bf2 Nxf2 31. Qxf2 Rhc8 32. Red3 a5 33. R1d2 Ba6 34.
Re3 Bc5 35. h4 Qb7 36. Re1 Bb6 37. Re3 Qa7 38. Re1 Rc3 39. Re3 Rxe3 40. Qxe3
Rc3 41. Qe1 Qc7 42. Qd1 Re3 43. Qa1 Re4 44. Kg3 Kb7 45. Qb2 Re3 46. Kg2 Qc5 47.
Qa1 Qc8 48. Kf2 Rc3 49. Qd1 Ka8 50. Kg2 Re3 51. Qa1 Qc7 52. Qd1 Bc5 53. Qa1 Qb6
54. Qd1 Re4 55. Kg3 1/2-1/2

[Event "2. Magistral Ciudad de Asunción 2009 B"]
[Site "Asunción PAR"]
[Date "2009.07.01"]
[Round "4.4"]
[White "Kropff, Ricardo"]
[Black "Peralta, Eduardo"]
[Result "1/2-1/2"]
[WhiteElo "2298"]
[BlackElo "2274"]
[PlyCount "57"]
[EventDate "2009.06.28"]
[EventType "tourn"]
[EventRounds "9"]
[EventCountry "PAR"]
[EventCategory "2"]
[Source "lmi"]
[SourceDate "2009.06.28"]

1. c4 g6 2. g3 Bg7 3. Bg2 d6 4. Nc3 f5 5. d3 Nf6 6. e4 e5 7. Nge2 O-O 8. O-O
Nc6 9. Nd5 h6 10. h3 fxe4 11. dxe4 Be6 12. Be3 Qd7 13. Kh2 g5 14. f3 Rf7 15.
Qd2 Raf8 16. Rad1 Ne8 17. c5 b6 18. b4 Ne7 19. Nec3 Nc6 20. cxd6 cxd6 21. Qd3
Qd8 22. b5 Na5 23. Rd2 Bh8 24. Qe2 Bg7 25. Rfd1 Bh8 26. Bg1 Bg7 27. Ne3 Nb7 28.
Ncd5 Nc5 29. Rc2 1/2-1/2

[Event "2. Magistral Ciudad de Asunción 2009 B"]
[Site "Asunción PAR"]
[Date "2009.07.01"]
[Round "4.5"]
[White "Oddone, Cristhian"]
[Black "Espinoza Palomino, Willyan"]
[Result "1-0"]
[WhiteElo "2231"]
[BlackElo "2281"]
[PlyCount "209"]
[EventDate "2009.06.28"]
[EventType "tourn"]
[EventRounds "9"]
[EventCountry "PAR"]
[EventCategory "2"]
[Source "lmi"]
[SourceDate "2009.06.28"]

1. d4 d5 2. e3 Nf6 3. Bd3 e6 4. Nd2 c5 5. c3 Nc6 6. f4 Be7 7. Ngf3 O-O 8. Ne5
Qc7 9. O-O a6 10. Rf3 b5 11. Rh3 g6 12. g4 Ne8 13. Ndf3 Ng7 14. Qf1 Nxe5 15.
Nxe5 f5 16. Qg2 Bd6 17. Bd2 Bxe5 18. fxe5 Bb7 19. gxf5 Nxf5 20. Rf1 Rf7 21.
Bxf5 Rxf5 22. Rxf5 exf5 23. Be1 Qc6 24. Bh4 Qe6 25. Bf6 cxd4 26. exd4 Rc8 27.
Qg5 Rc7 28. Rxh7 Rxh7 29. Qxg6+ Kf8 30. Qxh7 Qg8+ 31. Qxg8+ Kxg8 32. e6 Kh7 33.
Kf2 Kg6 34. Be5 Bc6 35. Kf3 Kg5 36. h4+ Kxh4 37. Kf4 Kh3 38. Kxf5 Kg2 39. e7
Kf3 40. Ke6 Ke4 41. Kf7 Kd3 42. Bd6 a5 43. e8=Q Bxe8+ 44. Kxe8 Kc4 45. Kd7 b4
46. Bxb4 axb4 47. cxb4 Kxd4 48. Kc6 Ke4 49. b5 d4 50. b6 d3 51. b7 d2 52. b8=Q
d1=Q 53. Qb4+ Kf5 54. Qc5+ Ke6 55. Qc4+ Ke5 56. Qc3+ Kf5 57. Qc4 Ke5 58. b4 Qd8
59. Qc5+ Ke4 60. b5 Qa8+ 61. Kc7 Qa5+ 62. Qb6 Qxa2 63. Qc6+ Ke3 64. Qc5+ Kf4
65. Qd6+ Kf3 66. Qf6+ Kg3 67. Qe5+ Kh4 68. Qe7+ Kg3 69. Qd6+ Kh4 70. b6 Qc4+
71. Kb8 Qg8+ 72. Kb7 Qf7+ 73. Qc7 Qd5+ 74. Kb8 Qg8+ 75. Qc8 Qg3+ 76. Ka7 Qa3+
77. Qa6 Qe7+ 78. b7 Qe3+ 79. Ka8 Qe4 80. Qb5 Qf3 81. Qb4+ Kh3 82. Qc5 Qe4 83.
Qc3+ Kg2 84. Ka7 Qe7 85. Kb6 Qd8+ 86. Qc7 Qd4+ 87. Qc5 Qb2+ 88. Kc7 Qg7+ 89.
Kc6 Qg6+ 90. Qd6 Qe8+ 91. Qd7 Qg6+ 92. Kd5 Qd3+ 93. Ke6 Qg6+ 94. Ke5 Qg5+ 95.
Ke4 Qg6+ 96. Ke5 Qg5+ 97. Kd6 Qf6+ 98. Qe6 Qd8+ 99. Kc6 Qh8 100. Qa2+ Kf1 101.
Qb1+ Kg2 102. b8=Q Qc3+ 103. Kb7 Qf3+ 104. Ka6 Qa3+ 105. Kb5 1-0

[Event "2. Magistral Ciudad de Asunción 2009 B"]
[Site "Asunción PAR"]
[Date "2009.07.02"]
[Round "5.1"]
[White "Espinoza Palomino, Willyan"]
[Black "Valiente, Cristobal"]
[Result "1-0"]
[WhiteElo "2281"]
[BlackElo "2234"]
[PlyCount "112"]
[EventDate "2009.06.28"]
[EventType "tourn"]
[EventRounds "9"]
[EventCountry "PAR"]
[EventCategory "2"]
[Source "lmi"]
[SourceDate "2009.06.28"]

1. e4 c5 2. Nf3 e6 3. d4 cxd4 4. Nxd4 a6 5. Bd3 Ne7 6. O-O Nbc6 7. Nb3 Ng6 8.
c4 Be7 9. Nc3 O-O 10. Be3 d6 11. f4 Bd7 12. Qd2 b6 13. Qf2 Rb8 14. Rac1 Nb4 15.
Be2 f5 16. exf5 Rxf5 17. a3 Nc6 18. Bd3 Rf6 19. Ne4 Rf8 20. Qd2 Nh4 21. Ng3 g6
22. Be2 Qc7 23. Bg4 Rf7 24. Rfe1 Na5 25. Nxa5 bxa5 26. Bd4 e5 27. Bxd7 Qxd7 28.
fxe5 dxe5 29. Rxe5 Qc6 30. Rd5 a4 31. Qe2 Rc8 32. Qe4 Bf8 33. Re5 Qxe4 34. Rxe4
Nf5 35. Nxf5 gxf5 36. Re6 Rd7 37. Be3 Rdc7 38. c5 Bxc5 39. Bxc5 Rxc5 40. Rxc5
Rxc5 41. Rxa6 Rb5 42. Rxa4 Rxb2 43. h3 Ra2 44. Ra7 Kh8 45. h4 h6 46. Kh2 f4 47.
Kh3 Kg8 48. a4 Kf8 49. Kg4 Rxg2+ 50. Kxf4 h5 51. Kf5 Rg4 52. Kf6 Ke8 53. a5
Rxh4 54. a6 Ra4 55. Ke6 Kd8 56. Kd6 Kc8 1-0

[Event "2. Magistral Ciudad de Asunción 2009 B"]
[Site "Asunción PAR"]
[Date "2009.07.02"]
[Round "5.2"]
[White "Peralta, Eduardo"]
[Black "Oddone, Cristhian"]
[Result "1-0"]
[WhiteElo "2274"]
[BlackElo "2231"]
[PlyCount "83"]
[EventDate "2009.06.28"]
[EventType "tourn"]
[EventRounds "9"]
[EventCountry "PAR"]
[EventCategory "2"]
[Source "lmi"]
[SourceDate "2009.06.28"]

1. d4 c5 2. d5 e5 3. e4 d6 4. Nc3 a6 5. a4 Be7 6. Be2 Bg5 7. Nf3 Bxc1 8. Qxc1
Bg4 9. Nd2 Bxe2 10. Nxe2 b6 11. O-O Nf6 12. c3 O-O 13. Ng3 Ne8 14. b4 Nd7 15.
Qb2 g6 16. Nc4 Rb8 17. b5 a5 18. Qd2 f6 19. f4 exf4 20. Qxf4 Ne5 21. Nxe5 dxe5
22. Qg4 Qc8 23. Qh4 Rb7 24. Rf3 Rbf7 25. Nf1 Nd6 26. Ne3 h5 27. Raf1 Kg7 28. c4
Qd8 29. Rg3 Kh6 30. Nf5+ gxf5 31. Rh3 Kg7 32. Qxh5 Rh8 33. Rg3+ Kf8 34. Qxh8+
Ke7 35. Rg8 Qd7 36. exf5 Nxc4 37. d6+ Nxd6 38. Rd1 c4 39. Rxd6 Kxd6 40. Rd8 c3
41. Rxd7+ Kxd7 42. Qh3 1-0

[Event "2. Magistral Ciudad de Asunción 2009 B"]
[Site "Asunción PAR"]
[Date "2009.07.02"]
[Round "5.3"]
[White "Hernandez, Angel C."]
[Black "Kropff, Ricardo"]
[Result "1/2-1/2"]
[WhiteElo "2228"]
[BlackElo "2298"]
[PlyCount "24"]
[EventDate "2009.06.28"]
[EventType "tourn"]
[EventRounds "9"]
[EventCountry "PAR"]
[EventCategory "2"]
[Source "lmi"]
[SourceDate "2009.06.28"]

1. e4 c6 2. d4 d5 3. exd5 cxd5 4. c4 Nf6 5. Nc3 e6 6. Nf3 Be7 7. Bf4 O-O 8. Bd3
dxc4 9. Bxc4 Nc6 10. O-O b6 11. Qe2 Bb7 12. Rad1 Nb4 1/2-1/2

[Event "2. Magistral Ciudad de Asunción 2009 B"]
[Site "Asunción PAR"]
[Date "2009.07.02"]
[Round "5.4"]
[White "Siero-Gonzalez, Luis"]
[Black "Gattass, Allan"]
[Result "0-1"]
[WhiteElo "2361"]
[BlackElo "2221"]
[PlyCount "80"]
[EventDate "2009.06.28"]
[EventType "tourn"]
[EventRounds "9"]
[EventCountry "PAR"]
[EventCategory "2"]
[Source "lmi"]
[SourceDate "2009.06.28"]

1. e4 c5 2. Nf3 d6 3. c3 Nf6 4. Be2 Nc6 5. d4 g6 6. d5 Nb8 7. O-O Nbd7 8. Qc2
Bg7 9. c4 O-O 10. Nc3 a6 11. h3 Ne5 12. Ne1 e6 13. f4 Ned7 14. Nf3 exd5 15.
cxd5 b5 16. a4 b4 17. Nd1 Re8 18. Nf2 b3 19. Qb1 Nxd5 20. Bc4 Nb4 21. Ra3 d5
22. Bxb3 c4 23. Bd1 Nc5 24. Bd2 a5 25. exd5 Bf5 26. Qc1 Qxd5 27. Ne5 Ncd3 28.
Nfxd3 Nxd3 29. Bf3 Qd4+ 30. Be3 Bxe5 31. fxe5 Qxe5 32. Rxd3 Bxd3 33. Rf2 Rab8
34. Bd2 Qxb2 35. Qxb2 Rxb2 36. Bxa5 Rb1+ 37. Kh2 Be4 38. Bxe4 Rxe4 39. Bc3 Rb3
40. Rc2 f5 0-1